| 000 | 00555nam a2200193 a 4500 | ||
|---|---|---|---|
| 005 | 20140310183525.0 | ||
| 008 | 110929s19uu xx 00 eng d | ||
| 020 | _a981253282x | ||
| 050 |
_aTS 156 _b.M766 2009 |
||
| 100 | _aMontgomery, Douglas | ||
| 245 |
_aStatistical quality control : _ba modern introduction / _cDouglas Montgomery. |
||
| 250 | _a6th ed. | ||
| 260 |
_aSingapore : _bJohn Wiley & sons, _c2009. |
||
| 300 |
_a734 p. : _bill. ; _c27 cm. |
||
| 521 | _aBSBA | ||
| 650 | _aQuality control | ||
| 942 |
_cBK _2lcc _kFOR |
||
| 999 |
_c24496 _d24496 |
||